Война, в которой я победила (Запись № 13103717)

Подробности
000 -МАРКЕР
контрольное поле 02696nam0a2200385 4500
001 - ИДЕНТИФИКАТОР ЗАПИСИ
контрольное поле RU\NLR\BIBL_A\012774627
005 - ИДЕНТИФИКАТОР ВЕРСИИ
контрольное поле 20220829104146.0
010 ## - МЕЖДУНАРОДНЫЙ СТАНДАРТНЫЙ НОМЕР КНИГИ (ISBN)
Номер (ISBN) 978-5-04-154095-1
Тираж 3000
021 ## - НОМЕР ГОСУДАРСТВЕННОЙ РЕГИСТРАЦИИ
Код страны Российская Федерация
Номер КН-П-22-001688
Номер Листа государственной регистраци КН-П-22-0120
035 ## - ДРУГИЕ СИСТЕМНЫЕ НОМЕРА
Идентификатор записи (NLR Aleph) 012774627
035 ## - ДРУГИЕ СИСТЕМНЫЕ НОМЕРА
Идентификатор записи (RuMoRGB)010959596
100 ## - ДАННЫЕ ОБЩЕЙ ОБРАБОТКИ
Данные общей обработки 20220428d2021 d y0rusy50 ca
101 1# - ЯЗЫК РЕСУРСА
Язык текста, звукозаписи и т.д. русский
Язык оригинала английский
102 ## - СТРАНА ПУБЛИКАЦИИ ИЛИ ПРОИЗВОДСТВА
Страна публикации Российская Федерация
105 ## - ПОЛЕ КОДИРОВАННЫХ ДАННЫХ: ТЕКСТОВЫЕ МАТЕРИАЛЫ, МОНОГРАФИЧЕСКИЕ
Кодированные данные о монографическом текстовом документе a|||z|||000ay
181 #0 - ПОЛЕ КОДИРОВАННЫХ ДАННЫХ: ВИД СОДЕРЖАНИЯ
Код вида содержания (ISBD) i
Код характеристики содержания (ISBD) axxe
182 #0 - ПОЛЕ КОДИРОВАННЫХ ДАННЫХ: ТИП СРЕДСТВА
Код типа средства (ISBD) n - непосредственное
200 1# - ЗАГЛАВИЕ И СВЕДЕНИЯ ОБ ОТВЕТСТВЕННОСТИ
Основное заглавие Война, в которой я победила
Сведения, относящиеся к заглавию [для среднего школьного возраста]
Первые сведения об ответственности Кимберли Брубэйкер Брэдли
Последующие сведения об ответственности перевод с английского А. Ф. Родиной
203 ## - ВИД СОДЕРЖАНИЯ И ТИП СРЕДСТВА
Вид содержания Текст
Дополнительные сведения об издании визуальный
Тип средства непосредственный
210 ## - ПУБЛИКАЦИЯ, РАСПРОСТРАНЕНИЕ И ДР.
Место издания, распространения и т.д. Москва
Имя издателя, распространителя и т. д. Эксмо
Дата издания, распространения и т.д. 2021
215 ## - ФИЗИЧЕСКАЯ ХАРАКТЕРИСТИКА
Специфическое обозначение материала и объем 380, [1] с.
Размеры 21
225 1# - СЕРИЯ
Основное заглавие серии Война Ады. Книги, покоряющие сердца
311 ## - ПРИМЕЧАНИЯ, ОТНОСЯЩИЕСЯ К ПОЛЯМ СВЯЗИ (ПРИМЕЧАНИЯ О СВЯЗИ С ДРУГИМИ ПРОИЗВЕДЕНИЯМИ (ИЗДАНИЯМИ))
Текст примечания Продолжение кн. "Война, которая спасла мне жизнь"
330 ## - РЕЗЮМЕ ИЛИ РЕФЕРАТ
Текст примечания Теперь у Ады есть настоящая любящая семья, и ей, похоже, могут вылечить покалеченную ногу, из-за которой родная мать всегда считала её ничтожеством. Но кто она теперь? Она не дочь, ведь у неё нет матери, она больше не калека и не изгой, она не эвакуированный ребёнок из разбомблённого Лондона, да и вроде не сирота даже, ведь у неё есть опекун... Как найти себя, когда в мире бушует война, люди появляются в жизни и исчезают, а тот, на кого она только-только позволила себе положиться, может тоже её оставить - и на этот раз навсегда? Ещё немало сражений ждёт Аду, пусть она никогда не бывала на фронте. Хватит ли у неё отваги и силы выстоять в этой войне?
333 ## - ПРИМЕЧАНИЯ ОБ ОСОБЕННОСТЯХ РАСПРОСТРАНЕНИЯ И ИСПОЛЬЗОВАНИЯ
Текст примечания 12+
488 #0 - ДРУГИЕ ВЗАИМОСВЯЗАННЫЕ ПРОИЗВЕДЕНИЯ (ДОКУМЕНТЫ)
Встроенное поле 2001#$aВойна, которая спасла мне жизнь
686 0# - ИНДЕКСЫ ДРУГИХ КЛАССИФИКАЦИЙ
Индекс Ш9(7США)62-4
700 #1 - ИМЯ ЛИЦА - ПЕРВИЧНАЯ ОТВЕТСТВЕННОСТЬ
Начальный элемент ввода Брэдли
Часть имени, кроме начального элемента ввода К. Б.
Даты 1967-
Расширение инициалов личного имени Кимберли Брубэйкер
Идентификатор авторитетной/нормативной записи RU\NLR\AUTH\770243934
942 ## - ДОПОЛНИТЕЛЬНЫЕ ЭЛЕМЕНТЫ ЗАПИСИ (АБИС)
Тип экземпляра АБИС Книга
980 ## - КОЛЛЕКЦИЯ
Название коллекции Национальная библиография
Экземпляры
Тип экземпляра Дата поступления Источник поступления Библиотека постоянного хранения Библиотека текущего хранения Место хранения Штрих-код Статус экземпляра Шифр хранения
Книга 28.04.2022 Обязательный экземпляр РНБ (Московский) РНБ (Московский) Обменный фонд 1-3776279    
Книга 28.04.2022 Обязательный экземпляр РНБ (Московский) РНБ (Московский) Русский книжный фонд: издания с 1957 года 1-3776280   2022-3/11153